| 000 | 00625nam a22002177a 4500 | ||
|---|---|---|---|
| 005 | 20210426095723.0 | ||
| 008 | 210210s1997 ||||| |||| 00| 0 eng d | ||
| 020 | _a0030186897 | ||
| 040 |
_aeng _cDLC |
||
| 041 | _aeng | ||
| 080 |
_a005 _bB-86 |
||
| 100 |
_9813 _aBrigham, F. Eugene |
||
| 245 |
_aFinancial Management Theory and Practice _b: Study Guide to Accompany _c/ by: The Dryden Press |
||
| 250 | _a8th edition | ||
| 260 |
_aFort Worth, USA _bThe Dryden Press _c1997 |
||
| 300 | _a265 p. | ||
| 650 | 0 |
_9324 _aManagement |
|
| 653 | _aმართვა | ||
| 700 |
_9814 _aGapenski, C., Louis |
||
| 942 |
_2udc _cBK _e8 |
||
| 999 |
_c1303 _d1303 |
||